| 000 -LEADER |
| fixed length control field |
01119cam a2200265 i 4500 |
| 001 - CONTROL NUMBER |
| control field |
18546834 |
| 005 - DATE AND TIME OF LATEST TRANSACTION |
| control field |
20221107114204.0 |
| 008 - FIXED-LENGTH DATA ELEMENTS--GENERAL INFORMATION |
| fixed length control field |
150327s2016 maua b 000 0 eng |
| 020 ## - INTERNATIONAL STANDARD BOOK NUMBER |
| International Standard Book Number |
9781284043075 1 |
| 041 ## - LANGUAGE CODE |
| Language code of text/sound track or separate title |
eng |
| 080 ## - UNIVERSAL DECIMAL CLASSIFICATION NUMBER |
| Universal Decimal Classification number |
616.89-008.434 G-45 |
| 100 ## - MAIN ENTRY--PERSONAL NAME |
| Personal name |
Gillam, Ronald B. |
| 9 (RLIN) |
10707 |
| 245 00 - TITLE STATEMENT |
| Title |
Communication sciences and disorders : |
| Remainder of title |
from science to clinical practice / |
| Statement of responsibility, etc. |
Ronald B. Gillam, PhD, Thomas P. Marquardt, PhD. |
| 250 ## - EDITION STATEMENT |
| Edition statement |
Third edition. |
| 264 #1 - PRODUCTION, PUBLICATION, DISTRIBUTION, MANUFACTURE, AND COPYRIGHT NOTICE |
| Place of production, publication, distribution, manufacture |
Burlington, MA : |
| Name of producer, publisher, distributor, manufacturer |
Jones & Bartlett Learning, |
| Date of production, publication, distribution, manufacture, or copyright notice |
2016. |
| 300 ## - PHYSICAL DESCRIPTION |
| Extent |
475 pages : |
| Other physical details |
illustrations ; |
| Dimensions |
24 cm. |
| 653 ## - INDEX TERM--UNCONTROLLED |
| keyword |
Коммуникационные науки и расстройства |
| 653 ## - INDEX TERM--UNCONTROLLED |
| keyword |
კომუნიკაციის მეცნიერებები და დარღვევები |
| 653 ## - INDEX TERM--UNCONTROLLED |
| keyword |
კომუნიკაციის დარღვევები |
| 653 ## - INDEX TERM--UNCONTROLLED |
| keyword |
Коммуникативные расстройства |
| 653 ## - INDEX TERM--UNCONTROLLED |
| keyword |
მედიცინა |
| 653 ## - INDEX TERM--UNCONTROLLED |
| keyword |
Медицина |
| 700 1# - ADDED ENTRY--PERSONAL NAME |
| Personal name |
Marquardt, Thomas P., |
| Relator term |
ავტორი |
| 9 (RLIN) |
12037 |
| 942 ## - ADDED ENTRY ELEMENTS (KOHA) |
| Source of classification or shelving scheme |
|
| Koha item type |
წიგნი |